Statystyki dla Wszyscy mistrzowie KSW

Kliknij tutaj aby rozwiązać quiz!

Ogólne statystyki

  • Ten quiz został rozwiązany 679 razy
    (334 od ostatniego zresetowania)
  • Średni wynik to 28 z 39

Statystyki odpowiedzi

Mistrzowie% Poprawnych
Mamed Khalidov
94%
waga półciężkaMamed Khalidov
94%
Mamed Khalidov
94%
Mateusz Gamrot
93%
Mateusz Gamrot
93%
Michał Materla
88%
Borys Mańkowski
87%
Phill De Fries
87%
interim champSalahdine Parnasse
87%
Salahdine Parnasse
87%
Salahdine Parnasse
87%
interim champSalahdine Parnasse
87%
Roberto Soldić
86%
Roberto Soldić
86%
Roberto Soldić
86%
Tomasz Narkun
85%
Marian Ziółkowski
82%
Jakub Wikłacz
80%
Sebastian Przybysz
80%
Marcin Różalski
79%
waga ciężkaKarol Bedorf
78%
Jan Błachowicz
76%
waga słomkowa kobietKarolina Kowalkiewicz
73%
Marcin Wrzosek
72%
Scott Askham
69%
waga piórkowaArtur Sowiński
67%
waga musza kobietAriane Lipski
66%
waga koguciaAntun Racić
64%
Kleber Koike Erbst
64%
interim champNorman Parke
64%
Dricuss Du Plessis
60%
Fernando Rodrigues
57%
Daniel Torres
54%
waga półśredniaAslambek Saidov
49%
Ibragim Chuzhigaev
49%
waga lekkaMaciej Jewtuszko
39%
waga średniaKrzysztof Kułak
38%
Rameau Sokoudjou
33%
Goran Reljić
31%

Rozkład punktacji

Percentyl według liczby udzielonych odpowiedzi

Procent ludzi z każdym wynikiem

Twoja historia wyników

Nie rozwiązałeś tego quizu od ostatniego zresetowania